00829nam a2200277Ia 4500008004000000020001500040041000800055082001800063100002000081245006300101260006100164300001300225650001100238650001000249650000800259650000700267650001200274650001800286650001700304650000800321690002400329700001700353906001100370999001900381952015100400210210b2006 xxu||||| |||| 00| 0 eng d a8188237507 aeng a581.0724 KUMP aKUMAR (Ashwani) aPlant biotechnology and its applications in tissue culture aNew DelhibI.K. International Pub. House Pvt. Ltd.c2006 axvii,307 atissue aPlant aits ain aculture abiotechnology aapplications aand aPlant Biotechnology aROY (Shikha) a062557 c117667d117667 00102ddc40708BTaALbALcSKd2021-02-17eKnowledge World, Bangalore-18g1995.00l0o581.0724 KUMPp062557r2021-02-17 00:00:00w2021-02-17yBK